LEADER 01197nlm 2200313Ia 450 001 996448450703316 005 20211216112948.0 010 $a0-8166-1383-4 100 $a19850802d1986---- ub 0 101 0 $aeng 102 $aUS 135 $adrcnu 200 1 $a<> colonial harem$fMalek Alloula$gtranslation by Myrna Godzich and Wlad Godzich$gintroduction by Barbara Harlow 210 1 $aMinneapolis$cUniversity of Minnesota Press$d1986 215 $aTesto elettronico (PDF) (XXII, 135 p. : in gran parte ill..) 225 2 $aTheory and history of literature$v21 230 $aBase dati testuale 330 $aUna raccolta di cartoline illustrate di donne algerine sfruttate dai francesi, questo "album" illustra una potente analisi degli effetti distorsivi e denigratori della loro presenza sulla società algerina. 410 0$aTheory and history of literature$v, 21 606 0 $aDonne$yAlgeria$xCondizioni socioeconomiche$2BNCF 676 $a305.40965 676 $a305.486971065 700 1$aALLOULA,$bMalek$0657276 801 0$bcba$aIT$bcba$gREICAT 912 $a996448450703316 959 $aEB 969 $aER 996 $aColonial harem$91169858 997 $aUNISA LEADER 01283nam0 22002891i 450 001 UON00302633 005 20231205104014.438 100 $a20071022d1967 |0itac50 ba 101 $ager 102 $aDE 105 $a|||| 1|||| 200 1 $aˆDas ‰aphoristische Element bei Theodor Fontane$eein Beitrag zur Erkenntnis seiner geistigen und stilistischen Eigenart$fvon Adolf Karl Sauer 205 $aNendlen/Liechtenstein : Kraus Reprint$b1967 210 $a169 p.$a23 cm 215 $aRist. dell'ed.: Berlin, 1935. 410 1$1001UON00283122$12001 $aGermanische Studien$1210 $aBerlin$cVerlag Dr. Emil Ebering$d19-$vHeft 170 606 $aFONTANE THEODOR$3UONC041053$2FI 620 $dNendeln; Liechtenstein$3UONL004222 676 $a830.09$cLetteratura tedesca. Storia, descrizione, studi critici$v21 700 1$aSAUER$bAdolf$3UONV173841$0695972 712 $aKraus Reprint$3UONV246412$4650 801 $aIT$bSOL$c20240220$gRICA 899 $aSIBA - SISTEMA BIBLIOTECARIO DI ATENEO$2UONSI 912 $aUON00302633 950 $aSIBA - SISTEMA BIBLIOTECARIO DI ATENEO$dSI TED 23 II FON SAU $eSI ST 6478 7 996 $aAphoristische Element bei Theodor Fontane$91379299 997 $aUNIOR LEADER 01689nas 2200505-a 450 001 9910144457503321 005 20260218112937.0 035 $a(DE-599)ZDB2641557-4 035 $a(CKB)991042731691092 035 $a(CONSER)---95642025- 035 $a(DE-599)2532745-8 035 $a(DE-599)2641557-4 035 $a(EXLCZ)99991042731691092 100 $a19950308b19941999 --- - 101 0 $aeng 181 $ctxt$2rdacontent 182 $cc$2rdamedia 183 $acr$2rdacarrier 200 00$aAfrican anthropology $ejournal of the Pan African Anthropological Association = Anthropologie africaine : revue de l'Association panafricaine de l'anthropologie 210 $aYaoundé, Cameroon $cThe Association$d©1994-©1999 215 $a1 online resource 311 08$aPrint version: African anthropology : 1024-0969 (DLC) 95642025 (OCoLC)32109815 517 3 $aAnthropologie africaine 606 $aAnthropology$zAfrica$vPeriodicals 606 $aAnthropology$2fast$3(OCoLC)fst00810196 606 $aManners and customs$2fast$3(OCoLC)fst01007815 606 $aAfrica$2ascl 606 $asociology$2ascl 606 $aanthropology$2ascl 607 $aAfrica$xSocial life and customs$vPeriodicals 607 $aAfrica$2fast 608 $aPeriodicals.$2fast 615 0$aAnthropology 615 7$aAnthropology. 615 7$aManners and customs. 615 7$aAfrica. 615 7$asociology. 615 7$aanthropology. 676 $a301/.096 712 02$aPan African Anthropological Association. 906 $aJOURNAL 912 $a9910144457503321 920 $aexl_impl conversion 996 $aAfrican anthropology$92250506 997 $aUNINA